| 000 | 01032cam a22003137a 4500 | ||
|---|---|---|---|
| 003 | CHAP | ||
| 005 | 20220329141529.0 | ||
| 008 | 971013s1993 r 00010 d | ||
| 010 | _a69697 | ||
| 011 | _a70669 | ||
| 035 | _a80182 | ||
| 040 | _cCHAP | ||
| 082 |
_a576 _bB7Y 1991 |
||
| 100 | 0 | 0 |
_aBrock, Thomas D. _915476 |
| 245 | 0 | _aMicrobiología | |
| 260 |
_aMéxico : _bPrentice Hall Hispanoamericana, _c1993 |
||
| 300 |
_a956 p. _b: ilus. |
||
| 500 | _aTrad. de : Biology of microorganism 6 ed. en inglés de 1991 | ||
| 590 |
_aBATCH-UPD _b10 _c20130110 _lUCH01 _h0822 |
||
| 590 |
_aBATCH-UPD _b10 _c20130410 _lUCH01 _h0459 |
||
| 590 |
_aBATCH-UPD _b10 _c20130914 _lUCH01 _h1818 |
||
| 590 |
_aCONVERSION _b10 _c20130109 _lUCH01 _h1338 |
||
| 650 | 1 | 4 |
_aMicrobiología. _975490 |
| 700 | 0 |
_aMadigan, Michael T. _969687 |
|
| 901 | _aBK | ||
| 942 | _cLIBRO | ||
| 949 |
_a576 B7Y 1991 _bBC _cLIBRO _d33724000821435 _eLIBRO _h44988 _i80182 _k| _si |
||
| 949 |
_a576 B7Y 1991 _bBC _cLIBRO _d33724002013660 _eLIBRO _fc.2 _gDonaciØn _h108337 _i80182 _so |
||
| 999 |
_c69697 _d69697 |
||